|
|
|
|
| LEADER |
00000 a a2200000 04500 |
| 001 |
27395 |
| 003 |
|
| 040 |
|
|
|
| 020 |
|
|
|a 99934-25-10-9
|
| 090 |
|
|
|a 184800
|
| 100 |
|
|
|a Alvarez, José Luis
|
| 110 |
|
|
|a Instituto Tecnológico de Santo Domingo
|
| 245 |
|
|
|a Educación dominicana y construcción del conocimiento /
|c José Luis Alvarez
|
| 260 |
|
|
|a Santo Domingo:
|b INTEC
|
| 300 |
|
|
|a 275 p
|
| 650 |
|
|
|a EDUCACION COMUNITARIA
|
| 650 |
|
|
|a APRENDIZAJE
|
| 650 |
|
|
|a CALIDAD DE LA EDUCACION
|
| 650 |
|
|
|a DESARROLLO DE CAPACIDADES
|
| 650 |
|
|
|a TEORIA DE LA EDUCACION
|
| 650 |
|
|
|a CULTURA
|
| 700 |
|
|
|a Fiallo Billini, Alberto Emilio
|a Fiallo Billini, José Antinoe
|a Hernández Mella, Rocío
|a Záiter, Alba Josefina
|
| 999 |
|
|
|c 13293
|d 13293
|